header

There's a Tarantula in my homework (Record no. 260984)

MARC details
000 -LEADER
fixed length control field 00250nam a22001097a 4500
020 ## - INTERNATIONAL STANDARD BOOK NUMBER
ISBN 059088025-x
100 ## - MAIN ENTRY--AUTHOR NAME
Personal name Susan Clymer
245 ## - TITLE STATEMENT
Title There's a Tarantula in my homework
260 ## - PUBLICATION, DISTRIBUTION, ETC. (IMPRINT)
Place of publication New York
Name of publisher Scholastic
Year of publication 1996
300 ## - PHYSICAL DESCRIPTION
Number of Pages 91 pgs
942 ## - ADDED ENTRY ELEMENTS (KOHA)
Koha item type Long Loan Books

No items available.

© 2026 Rongo University
Contact us: librarian | system librarian | Rongo university